Código civil redactado con arreglo a la legislación vigente / (Record no. 44446)

MARC details
000 -LEADER
campo de control de longitud fija 00671nam a2200205 i 4500
001 - NÚMERO DE CONTROL
campo de control 44446
003 - IDENTIFICADOR DE NÚMERO DE CONTROL
campo de control ES-MaACL
005 - FECHA Y HORA DE LA ÚLTIMA TRANSACCIÓN
campo de control 20250827062600.0
007 - CAMPO FIJO DE DESCRIPCIÓN FÍSICA--INFORMACIÓN GENERAL
campo de control de longitud fija t|
008 - DATOS DE LONGITUD FIJA--INFORMACIÓN GENERAL
campo de control de longitud fija 030321s1843 sp ||||1| spa d
110 1# - ENTRADA PRINCIPAL--NOMBRE DE ENTIDAD CORPORATIVA
Nombre de entidad corporativa o nombre de jurisdicción como elemento de entrada España
9 (RLIN) 3622
245 00 - MENCIÓN DEL TÍTULO
Título Código civil redactado con arreglo a la legislación vigente /
Mención de responsabilidad, etc. por José María Fernández de la Hoz.
260 ## - PUBLICACIÓN, DISTRIBUCIÓN, ETC.
Lugar de publicación, distribución, etc. Madrid :
Nombre del editor, distribuidor, etc. Eusebio Aguado,
Fecha de publicación, distribución, etc. 1843.
300 ## - DESCRIPCIÓN FÍSICA
Extensión 315 p. ;
Dimensiones 19 cm.
650 04 - PUNTO DE ACCESO ADICIONAL DE MATERIA--TÉRMINO DE MATERIA
Término de materia o nombre geográfico como elemento de entrada Derecho civil-
Subdivisión geográfica España-
Subdivisión de forma Legislación
9 (RLIN) 11663
650 ## - PUNTO DE ACCESO ADICIONAL DE MATERIA--TÉRMINO DE MATERIA
Término de materia o nombre geográfico como elemento de entrada Código civil-
Subdivisión geográfica España.
9 (RLIN) 135863
700 1# - ENTRADA AGREGADA--NOMBRE PERSONAL
Nombre de persona Fernández de la Hoz, José María.
9 (RLIN) 49668
852 ## - LOCALIZACIÓN
Ubicación ES-MaACL
Número de control de estantería B-7151
Holdings
Estatus retirado Estado de pérdida Estado de daño No para préstamo Colección Biblioteca de origen Biblioteca actual Ubicación en estantería Fecha de adquisición Fuente de adquisición Total de préstamos Signatura topográfica completa Código de barras Visto por última vez Precio de reemplazo Tipo de ítem Koha
        Libros del s. XIX Biblioteca del Ateneo de Madrid Biblioteca del Ateneo de Madrid Sala Pardo Bazán 17/01/2008     B-7151 1046775 23/02/2023 23/02/2023 Libro impreso antiguo